Gorodskaja i sel'skaja sem'ja

Saved in:
Bibliographic Details
Format: Book
Language:Russian
Published: Moskva Mysl' 1987
Edition:1. izd.
Tags: Add Tag
No Tags, Be the first to tag this record!

MARC

LEADER 00000nam a2200000 4500
001 c038287
005 20260128111825.3
041 0 |a rus 
044 |a RU 
245 1 0 |a Gorodskaja i sel'skaja sem'ja 
250 |a 1. izd. 
264 1 |a Moskva  |b Mysl'  |c 1987 
300 |a 284 s.